Places With a Cardinal Direction in Their Name #2 - Statistics

General Stats
  • This quiz has been taken 666 times
  • The average score is 12 of 24
Answer Stats
Clue Place % Correct
Country once ruled by Hồ Chí Minh North Vietnam
86%
World's only Hermit Kingdom North Korea
81%
Springbok is its national animal South Africa
81%
Ukraine, Belarus, Russia etc. Eastern Europe
80%
Bonn used to be its capital West Germany
79%
Australian state of Adelaide South Australia
72%
What Zimbabwe used to be called under British rule Southern Rhodesia
68%
Peace Garden State North Dakota
67%
The Palmetto State South Carolina
62%
Capital of Palestine East Jerusalem
59%
Home of Uluru Northern Territory
53%
Independence-seeking region in Georgia South Ossetia
53%
Jewish holy site Western Wall
49%
Primary region of Maghreb North Africa
48%
Dutch province of Amsterdam North Holland
44%
Most populous Indonesian province West Java
44%
Capital of Kiribati South Tarawa
43%
Another name for the Sea of Japan East Sea
42%
Southern English county East Sussex
33%
What is east of Manhattan? East River
24%
The only landlocked Greek region West Macedonia
19%
Iranian province of Tabriz East Azerbaijan
10%
Another name for a Gulf of Guinea country West Congo
10%
Largest archipelago of the Netherlands West Frisian Islands
8%
No matching quizzes found
Score Distribution
Percent of People with Each Score
Percentile by Number Answered
Your Score History
You have not taken this quiz